[Event "Chess House IM 2017"]
[Site "Aarhus"]
[Date "2017.02.14"]
[Round "5.2"]
[White "Vasova, Mariya"]
[Black "Grabarczyk, Miroslaw"]
[Result "0-1"]
[WhiteElo "2211"]
[BlackElo "2436"]
[PlyCount "146"]
[EventDate "2017.02.??"]
[EventType "tourn"]
[EventRounds "9"]
[EventCountry "DEN"]
[WhiteClock "0:02:17"]
[BlackClock "0:01:39"]

1. e4 e5 2. Nf3 Nc6 3. Bc4 Bc5 4. d3 Nf6 5. Bb3 O-O 6. O-O h6 7. h3 d6 8. c3 a6
9. Nbd2 Ba7 10. Re1 Be6 11. Nf1 Re8 12. Be3 Qd7 13. Ng3 Bxe3 14. fxe3 d5 15.
exd5 Bxd5 16. d4 exd4 17. Bxd5 Qxd5 18. exd4 Qd6 19. Nf1 Rxe1 20. Qxe1 Re8 21.
Qg3 Qd7 22. Re1 Rxe1 23. Qxe1 Qd5 24. a3 Qb5 25. Qd2 Qf5 26. Ng3 Qd7 27. Qe2
Ne7 28. Ne4 Nxe4 29. Qxe4 c6 30. Qe5 f6 31. Qe4 Kf7 32. Nd2 c5 33. Nb3 cxd4 34.
Nxd4 b5 35. Qa8 Qd6 36. Qb7 g6 37. Qa7 h5 38. Qb7 h4 39. Qe4 g5 40. Qh7+ Ke8
41. Qh8+ Kd7 42. Qa8 Nd5 43. Qb7+ Nc7 44. Qe4 Nd5 45. Qh7+ Ne7 46. Qe4 Qd5 47.
Qg4+ Kd6 48. Kf2 Qe5 49. Kf3 Qe1 50. Qe4 Qf1+ 51. Kg4 Qd1+ 52. Qf3 Qxf3+ 53.
Kxf3 Nd5 54. Ne2 Ke5 55. Nd4 Nf4 56. b3 Nd3 57. a4 bxa4 58. bxa4 Kd5 59. Nf5
Nc5 60. Ne3+ Ke6 61. a5 Nb3 62. Nc4 f5 63. Ke3 Kd5 64. Nb6+ Kc5 65. Nd7+ Kc4
66. Ne5+ Kxc3 67. Nf3 Nxa5 68. Nxg5 Nc4+ 69. Kf4 a5 70. Kxf5 a4 71. Ne4+ Kc2
72. g4 hxg3 73. Nxg3 a3 0-1

[Event "Chess House IM 2017"]
[Site "Aarhus"]
[Date "2017.02.14"]
[Round "5.3"]
[White "Pfreundt, Jakob"]
[Black "Bjerre, Jonas Buhl"]
[Result "1-0"]
[WhiteElo "2376"]
[BlackElo "2355"]
[PlyCount "113"]
[EventDate "2017.02.??"]
[EventType "tourn"]
[EventRounds "9"]
[EventCountry "DEN"]
[WhiteClock "0:49:25"]
[BlackClock "0:25:16"]

1. Nf3 Nf6 2. c4 c5 3. Nc3 Nc6 4. e3 g6 5. d4 cxd4 6. exd4 d5 7. cxd5 Nxd5 8.
Bc4 Nxc3 9. Qb3 e6 10. bxc3 Be7 11. Bh6 Bf8 12. Bxf8 Kxf8 13. O-O Kg7 14. Bb5
Bd7 15. Qb2 Na5 16. Be2 Rc8 17. Rac1 Bc6 18. Ne5 f6 19. Nxc6 Rxc6 20. c4 b6 21.
c5 bxc5 22. dxc5 Qc7 23. Rfd1 Rb8 24. Qd4 Rc8 25. Bf3 Rxc5 26. Rxc5 Qxc5 27.
Qd7+ Kh6 28. Qxe6 f5 29. g3 Rb8 30. Qf6 Rf8 31. Qh4+ Kg7 32. Rd7+ Rf7 33. Rxf7+
Kxf7 34. Qxh7+ Kf6 35. Qh8+ Kf7 36. h4 Nc4 37. Qc3 Qb5 38. Be2 Qb1+ 39. Kh2 Nb6
40. Qc7+ Kf6 41. Qxa7 Qb2 42. Qa6 Kg7 43. Kg2 Nd5 44. Qa7+ Kf6 45. Bf3 Nb4 46.
Qb6+ Kg7 47. Qc7+ Kh6 48. Qf4+ Kg7 49. a4 Nd3 50. Qe3 Qc3 51. Kh2 Qc2 52. Be2
Nxf2 53. Qxf2 Qxa4 54. Bf1 Qc6 55. Qd4+ Kh7 56. Bc4 Qf3 57. Qd5 1-0

[Event "Chess House IM 2017"]
[Site "Aarhus"]
[Date "2017.02.14"]
[Round "5.4"]
[White "Matthiesen, Martin"]
[Black "Thybo, Jesper Sondergaard"]
[Result "1/2-1/2"]
[WhiteElo "2329"]
[BlackElo "2390"]
[PlyCount "44"]
[EventDate "2017.02.??"]
[EventType "tourn"]
[EventRounds "9"]
[EventCountry "DEN"]
[WhiteClock "0:51:46"]
[BlackClock "0:35:42"]

1. d4 Nf6 2. c4 g6 3. Nc3 d5 4. cxd5 Nxd5 5. e4 Nxc3 6. bxc3 Bg7 7. Be3 c5 8.
Rb1 O-O 9. Qd2 cxd4 10. cxd4 Nc6 11. Nf3 Bg4 12. d5 Bxf3 13. gxf3 Ne5 14. Be2
Qc8 15. O-O Qh3 16. Rxb7 Nxf3+ 17. Bxf3 Qxf3 18. Rxe7 Rae8 19. Rxe8 Qg4+ 20.
Kh1 Qf3+ 21. Kg1 Qg4+ 22. Kh1 Qf3+ 1/2-1/2

[Event "Chess House IM 2017"]
[Site "Aarhus"]
[Date "2017.02.14"]
[Round "5.5"]
[White "Boe Olsen, Filip"]
[Black "Bolding, Klaus"]
[Result "1-0"]
[WhiteElo "2123"]
[BlackElo "2307"]
[PlyCount "57"]
[EventDate "2017.02.??"]
[EventType "tourn"]
[EventRounds "9"]
[EventCountry "DEN"]
[WhiteClock "0:01:05"]
[BlackClock "0:13:17"]

1. d4 c5 2. d5 e5 3. e4 d6 4. Nc3 Be7 5. Nf3 g6 6. Be2 f5 7. exf5 gxf5 8. Nd2
Nf6 9. Bh5+ Kf8 10. Nc4 Kg7 11. f4 e4 12. Be2 h5 13. b3 Ng4 14. Bb2 Bf6 15. h3
b5 16. hxg4 bxc4 17. g5 Bd4 18. Bxc4 Ba6 19. Na4 Qa5+ 20. c3 Be3 21. Bxa6 Nxa6
22. Rh4 c4 23. Qe2 Bb6 24. Qxc4 Rac8 25. Qe2 Kg6 26. O-O-O Nb4 27. Kb1 Qa6 28.
c4 Rh7 29. a3 1-0

[Event "Chess House IM 2017"]
[Site "Aarhus"]
[Date "2017.02.15"]
[Round "6.1"]
[White "Fries Nielsen, Jens Ove"]
[Black "Matthiesen, Martin"]
[Result "1/2-1/2"]
[WhiteElo "2353"]
[BlackElo "2329"]
[PlyCount "79"]
[EventDate "2017.02.??"]
[EventType "tourn"]
[EventRounds "9"]
[EventCountry "DEN"]
[WhiteClock "0:03:22"]
[BlackClock "0:17:31"]

1. d4 Nf6 2. Nc3 d5 3. Bf4 c5 4. e3 cxd4 5. exd4 a6 6. h3 Nc6 7. Nf3 e6 8. Bd3
Be7 9. O-O O-O 10. Re1 Bd7 11. a3 Rc8 12. Bh2 Be8 13. Bf1 Na5 14. Ne5 Nc6 15.
Nxc6 Bxc6 16. Bd3 Qb6 17. Rb1 g6 18. Qf3 Nd7 19. Ne2 Bb5 20. Bxb5 axb5 21. c3
Bf6 22. Nf4 Bg7 23. Nd3 Qd8 24. Re2 Nf6 25. Be5 Ne4 26. Bxg7 Kxg7 27. Qf4 Qf6
28. Qe3 Rc7 29. Ne5 h5 30. Qd3 Nd6 31. Rbe1 Nc4 32. Qg3 Rfc8 33. Nxc4 bxc4 34.
Re5 h4 35. Qg4 Rc6 36. R1e3 Rh8 37. Qe2 Rb6 38. Rf3 Qd8 39. Rf4 Qd7 40. Qd2
1/2-1/2

[Event "Chess House IM 2017"]
[Site "Aarhus"]
[Date "2017.02.15"]
[Round "6.2"]
[White "Grabarczyk, Miroslaw"]
[Black "Teplyi, Igor"]
[Result "1/2-1/2"]
[WhiteElo "2436"]
[BlackElo "2448"]
[PlyCount "62"]
[EventDate "2017.02.??"]
[EventType "tourn"]
[EventRounds "9"]
[EventCountry "DEN"]
[WhiteClock "0:20:12"]
[BlackClock "0:15:41"]

1. d4 Nf6 2. c4 g6 3. Nf3 Bg7 4. g3 c6 5. Bg2 d5 6. cxd5 cxd5 7. Nc3 O-O 8. Ne5
b6 9. O-O Bb7 10. Bf4 Nc6 11. Rc1 Rc8 12. Nxc6 Bxc6 13. Be5 Qd7 14. Qd2 Rfd8
15. Rfd1 e6 16. Rc2 Bb7 17. Rdc1 Ba6 18. h3 Ne8 19. Bxg7 Kxg7 20. b3 Rc7 21.
Nb1 Rdc8 22. Bf1 Nd6 23. Rxc7 Rxc7 24. Rxc7 Qxc7 25. Nc3 Nb5 26. Nxb5 Bxb5 27.
f4 h5 28. Kf2 a5 29. Bg2 Qd6 30. Bf3 f6 31. Qc1 Qc6 1/2-1/2

[Event "Chess House IM 2017"]
[Site "Aarhus"]
[Date "2017.02.15"]
[Round "6.3"]
[White "Pfreundt, Jakob"]
[Black "Vasova, Mariya"]
[Result "1-0"]
[WhiteElo "2376"]
[BlackElo "2211"]
[PlyCount "107"]
[EventDate "2017.02.??"]
[EventType "tourn"]
[EventRounds "9"]
[EventCountry "DEN"]
[WhiteClock "0:27:09"]
[BlackClock "0:29:56"]

1. e4 c6 2. d4 d5 3. exd5 cxd5 4. Bd3 Nc6 5. c3 Qc7 6. Ne2 Nf6 7. Bf4 Qb6 8.
Qb3 Qxb3 9. axb3 e6 10. h3 h6 11. Nd2 Bd7 12. O-O Nh5 13. Bh2 f5 14. Rfe1 Kf7
15. Nf3 g5 16. b4 Bg7 17. b5 Ne7 18. Ne5+ Bxe5 19. Bxe5 Rhg8 20. g4 Nf6 21. f3
h5 22. Rf1 Rh8 23. Kg2 Ng6 24. Ng3 Rag8 25. Rxa7 Nf4+ 26. Bxf4 gxf4 27. Ne2
hxg4 28. fxg4 fxg4 29. Nxf4 gxh3+ 30. Kh1 Bc8 31. Raa1 Rh6 32. Rg1 Rxg1+ 33.
Rxg1 Ne4 34. Kh2 Rf6 35. Nxh3 Nf2 36. Nxf2 Rxf2+ 37. Rg2 Rf6 38. Kg3 Bd7 39. b3
Ke7 40. c4 Rf8 41. Ra2 Kd6 42. c5+ Kc7 43. b4 Rg8+ 44. Kf4 Rf8+ 45. Ke5 Rf3 46.
b6+ Kb8 47. Kd6 Bc8 48. Be2 Rb3 49. b5 Rb4 50. Bf1 Rb1 51. Rf2 Rb4 52. Rf8 Rb3
53. Be2 Rg3 54. c6 1-0

[Event "Chess House IM 2017"]
[Site "Aarhus"]
[Date "2017.02.15"]
[Round "6.4"]
[White "Thybo, Jesper Sondergaard"]
[Black "Boe Olsen, Filip"]
[Result "1-0"]
[WhiteElo "2390"]
[BlackElo "2123"]
[PlyCount "91"]
[EventDate "2017.02.??"]
[EventType "tourn"]
[EventRounds "9"]
[EventCountry "DEN"]
[WhiteClock "0:05:28"]
[BlackClock "0:09:43"]

1. e4 e5 2. Nf3 Nf6 3. Nxe5 d6 4. Nf3 Nxe4 5. d4 Be7 6. Bd3 Nf6 7. h3 O-O 8.
O-O c6 9. Bf4 Re8 10. c4 d5 11. Nc3 Bd6 12. Bxd6 Qxd6 13. Qb3 Nbd7 14. Rfe1
Rxe1+ 15. Rxe1 Nf8 16. cxd5 cxd5 17. Ne5 g6 18. Rc1 Ne6 19. Nb5 Qb6 20. Qb4 Qd8
21. Qd6 a6 22. Qxd8+ Nxd8 23. Nd6 Be6 24. Rc7 Rb8 25. f4 b5 26. f5 gxf5 27.
Bxf5 Rb6 28. Bxe6 fxe6 29. Ndf7 Nxf7 30. Rxf7 Ne4 31. Rc7 Nd6 32. Nd7 Rb7 33.
Nf6+ Kh8 34. Rc6 Nf5 35. Rxe6 a5 36. Re5 Nxd4 37. Rg5 Rb8 38. Rxd5 Ne6 39. Rd7
Ng7 40. Rf7 a4 41. a3 h6 42. g4 Rd8 43. Kf2 Rd2+ 44. Ke3 Rd8 45. h4 Rc8 46. Kd3
1-0

[Event "Chess House IM 2017"]
[Site "Aarhus"]
[Date "2017.02.15"]
[Round "6.5"]
[White "Bjerre, Jonas Buhl"]
[Black "Bolding, Klaus"]
[Result "1/2-1/2"]
[WhiteElo "2355"]
[BlackElo "2307"]
[PlyCount "73"]
[EventDate "2017.02.??"]
[EventType "tourn"]
[EventRounds "9"]
[EventCountry "DEN"]
[WhiteClock "0:09:17"]
[BlackClock "0:22:54"]

1. e4 Nf6 2. e5 Nd5 3. d4 d6 4. Nf3 dxe5 5. Nxe5 c6 6. Be2 Bf5 7. O-O Nd7 8.
Nf3 e6 9. c4 N5f6 10. Nc3 Bd6 11. Nh4 Bg6 12. f4 Ne4 13. Nxg6 Nxc3 14. bxc3
hxg6 15. g3 Nf6 16. Rb1 Rb8 17. Qa4 a6 18. c5 Be7 19. f5 Nd5 20. fxe6 Nxc3 21.
exf7+ Kf8 22. Qc2 Qxd4+ 23. Kg2 Nxb1 24. Bf4 Na3 25. Qb3 Rd8 26. Qxa3 Bxc5 27.
Qb3 Qd5+ 28. Qxd5 cxd5 29. Rc1 b6 30. Rf1 Rd7 31. Bg4 Re7 32. Bf3 d4 33. Bd5
Re2+ 34. Kf3 Re7 35. Kg2 Re2+ 36. Kf3 Re7 37. Kg2 1/2-1/2

[Event "Chess House IM 2017"]
[Site "Aarhus"]
[Date "2017.02.16"]
[Round "7.1"]
[White "Boe Olsen, Filip"]
[Black "Fries Nielsen, Jens Ove"]
[Result "1-0"]
[WhiteElo "2123"]
[BlackElo "2353"]
[PlyCount "67"]
[EventDate "2017.02.??"]
[EventType "tourn"]
[EventRounds "9"]
[EventCountry "DEN"]
[WhiteClock "0:11:12"]
[BlackClock "0:09:55"]

1. d4 g6 2. Nf3 f5 3. g3 Bg7 4. Bg2 d6 5. O-O c6 6. c4 Nh6 7. Nc3 O-O 8. Re1
Nf7 9. e4 e6 10. Qc2 Nd7 11. Be3 Nf6 12. Rad1 Qa5 13. a3 Nh5 14. b4 Qc7 15.
exf5 exf5 16. d5 f4 17. Bd4 fxg3 18. hxg3 Bg4 19. dxc6 bxc6 20. Bxg7 Nxg7 21.
Qe4 Bxf3 22. Qxf3 Ne5 23. Qe4 Nf5 24. Ne2 Qf7 25. b5 Rac8 26. c5 Qf6 27. Nf4
cxb5 28. cxd6 Nc4 29. d7 Rcd8 30. Qe6+ Qxe6 31. Nxe6 Nfd6 32. Bc6 Rb8 33. Nxf8
Kxf8 34. Re6 1-0

[Event "Chess House IM 2017"]
[Site "Aarhus"]
[Date "2017.02.16"]
[Round "7.2"]
[White "Matthiesen, Martin"]
[Black "Grabarczyk, Miroslaw"]
[Result "1/2-1/2"]
[WhiteElo "2329"]
[BlackElo "2436"]
[PlyCount "64"]
[EventDate "2017.02.??"]
[EventType "tourn"]
[EventRounds "9"]
[EventCountry "DEN"]
[WhiteClock "0:05:47"]
[BlackClock "0:07:27"]

1. d4 d5 2. c4 e6 3. Nc3 Nf6 4. Bg5 Be7 5. e3 h6 6. Bh4 O-O 7. Nf3 b6 8. Bd3
Bb7 9. O-O Nbd7 10. Qe2 c5 11. cxd5 Nxd5 12. Bxe7 Qxe7 13. Ba6 Nxc3 14. bxc3
Bxa6 15. Qxa6 Nf6 16. c4 Rfd8 17. a4 Rab8 18. a5 Qc7 19. axb6 axb6 20. Rfb1 Ne4
21. dxc5 Nxc5 22. Qb5 Ne4 23. Qb4 Rdc8 24. Rc1 Nd6 25. Nd2 Rb7 26. h3 Qb8 27.
Ra6 Qc7 28. Rb1 Nxc4 29. Nxc4 Qxc4 30. Qxc4 Rxc4 31. Raxb6 Rxb6 32. Rxb6 g6
1/2-1/2

[Event "Chess House IM 2017"]
[Site "Aarhus"]
[Date "2017.02.16"]
[Round "7.3"]
[White "Teplyi, Igor"]
[Black "Pfreundt, Jakob"]
[Result "1/2-1/2"]
[WhiteElo "2448"]
[BlackElo "2376"]
[PlyCount "51"]
[EventDate "2017.02.??"]
[EventType "tourn"]
[EventRounds "9"]
[EventCountry "DEN"]
[WhiteClock "1:16:06"]
[BlackClock "0:32:00"]

1. c4 e6 2. g3 d5 3. Bg2 Nf6 4. Nf3 Be7 5. d4 O-O 6. Qc2 c5 7. O-O cxd4 8. Nxd4
Qb6 9. Rd1 Nc6 10. Nxc6 Qxc6 11. b3 b5 12. Na3 bxc4 13. bxc4 Ba6 14. cxd5 Qxc2
15. Nxc2 Nxd5 16. Bxd5 exd5 17. Nd4 Bf6 18. Be3 Bxd4 19. Rxd4 Bxe2 20. Rxd5 Bf3
21. Rf5 Be4 22. Re5 Bf3 23. Rf5 Be4 24. Re5 Bf3 25. Rf5 Be4 26. Re5 1/2-1/2

[Event "Chess House IM 2017"]
[Site "Aarhus"]
[Date "2017.02.16"]
[Round "7.4"]
[White "Vasova, Mariya"]
[Black "Bjerre, Jonas Buhl"]
[Result "1-0"]
[WhiteElo "2211"]
[BlackElo "2355"]
[PlyCount "79"]
[EventDate "2017.02.??"]
[EventType "tourn"]
[EventRounds "9"]
[EventCountry "DEN"]
[WhiteClock "0:07:21"]
[BlackClock "0:04:29"]

1. e4 c5 2. Nf3 e6 3. d4 cxd4 4. Nxd4 Nc6 5. Nc3 Qc7 6. Be2 a6 7. O-O Nf6 8.
Be3 Be7 9. f4 d6 10. Bf3 O-O 11. a4 Bd7 12. Nb3 b6 13. Qe2 Rfc8 14. Kh1 Be8 15.
g4 Nd7 16. g5 Nc5 17. Bg2 g6 18. Rf3 Nxb3 19. cxb3 Nb4 20. Rh3 Bc6 21. Qf2 b5
22. Qh4 h5 23. Bf3 Bf8 24. Rf1 Qb7 25. Bd4 Bg7 26. Bf6 Kf8 27. f5 exf5 28. exf5
Bxf3+ 29. Rhxf3 Bxf6 30. gxf6 Nc6 31. Qe4 Re8 32. Qf4 g5 33. Qxg5 Re5 34. Qg7+
Ke8 35. Qg8+ Kd7 36. Qxf7+ Kc8 37. Qg8+ Kc7 38. Nd5+ Kd7 39. Qg7+ Kc8 40. f7
1-0

[Event "Chess House IM 2017"]
[Site "Aarhus"]
[Date "2017.02.16"]
[Round "7.5"]
[White "Bolding, Klaus"]
[Black "Thybo, Jesper Sondergaard"]
[Result "0-1"]
[WhiteElo "2307"]
[BlackElo "2390"]
[PlyCount "44"]
[EventDate "2017.02.??"]
[EventType "tourn"]
[EventRounds "9"]
[EventCountry "DEN"]
[WhiteClock "1:00:42"]
[BlackClock "0:07:58"]

1. Nf3 c5 2. e4 d6 3. d4 cxd4 4. Nxd4 Nf6 5. Nc3 g6 6. h4 Bg7 7. h5 Nxh5 8. Be3
Nc6 9. Qd2 Nf6 10. f3 h5 11. O-O-O Bd7 12. Kb1 Rc8 13. g4 hxg4 14. Rxh8+ Bxh8
15. Qh2 Nh5 16. Be2 Nxd4 17. Bxd4 Bxd4 18. Rxd4 Qb6 19. Rd5 gxf3 20. Rxh5 gxh5
21. Qxh5 Qg1+ 22. Bd1 Bg4 0-1

[Event "Chess House IM 2017"]
[Site "Aarhus"]
[Date "2017.02.18"]
[Round "8.2"]
[White "Grabarczyk, Miroslaw"]
[Black "Boe Olsen, Filip"]
[Result "1/2-1/2"]
[WhiteElo "2436"]
[BlackElo "2123"]
[PlyCount "47"]
[EventDate "2017.02.??"]
[EventType "tourn"]
[EventRounds "9"]
[EventCountry "DEN"]
[WhiteClock "1:33:46"]
[BlackClock "1:25:24"]

1. d4 d5 2. c4 c6 3. Nf3 Nf6 4. e3 Bf5 5. Nc3 a6 6. Qb3 b5 7. cxd5 cxd5 8. a4
b4 9. Qxb4 Nc6 10. Qc5 Na5 11. Bxa6 Rxa6 12. Qb5+ Rc6 13. Ne5 Bd7 14. Nxd7 Nxd7
15. Bd2 Rc8 16. Rc1 Nc4 17. Nxd5 Nd6 18. Rxc8 Qxc8 19. Qa5 Nc4 20. Nc7+ Kd8 21.
Ne6+ Ke8 22. Nc7+ Kd8 23. Ne6+ Ke8 24. Nc7+ 1/2-1/2

[Event "Chess House IM 2017"]
[Site "Aarhus"]
[Date "2017.02.18"]
[Round "8.3"]
[White "Pfreundt, Jakob"]
[Black "Matthiesen, Martin"]
[Result "1/2-1/2"]
[WhiteElo "2376"]
[BlackElo "2329"]
[PlyCount "42"]
[EventDate "2017.02.??"]
[EventType "tourn"]
[EventRounds "9"]
[EventCountry "DEN"]
[WhiteClock "0:23:33"]
[BlackClock "0:33:39"]

1. Nf3 d5 2. d4 Nf6 3. c4 e6 4. Nc3 Be7 5. Bf4 O-O 6. e3 b6 7. Bd3 c5 8. cxd5
exd5 9. Rc1 Nc6 10. Ne5 Bb7 11. O-O c4 12. Bb1 a6 13. Qf3 b5 14. Ne2 Nxe5 15.
dxe5 Ne4 16. Rfd1 Qb6 17. Nd4 g6 18. Qg4 Bc8 19. Qf3 Bb7 20. Qg4 Bc8 21. Qf3
Bb7 1/2-1/2

[Event "Chess House IM 2017"]
[Site "Aarhus"]
[Date "2017.02.18"]
[Round "8.4"]
[White "Vasova, Mariya"]
[Black "Teplyi, Igor"]
[Result "0-1"]
[WhiteElo "2211"]
[BlackElo "2448"]
[PlyCount "150"]
[EventDate "2017.02.??"]
[EventType "tourn"]
[EventRounds "9"]
[EventCountry "DEN"]
[WhiteClock "0:19:53"]
[BlackClock "0:16:44"]

1. e4 c5 2. Nf3 d6 3. d4 cxd4 4. Nxd4 Nf6 5. Nc3 a6 6. Be2 e5 7. Nb3 Be7 8. O-O
O-O 9. a4 Be6 10. Bf3 Nbd7 11. Re1 Qb8 12. Qd3 Rc8 13. Nd5 Bd8 14. a5 Bxd5 15.
exd5 b5 16. axb6 Bxb6 17. c4 e4 18. Bxe4 Ne5 19. Qh3 Rxc4 20. Bd3 Rb4 21. Ra3
Neg4 22. Be3 Bxe3 23. Rxe3 Nxe3 24. Qxe3 Kf8 25. Bf1 Qb6 26. Qf3 a5 27. Nd2 Qd4
28. Qc3 Qxc3 29. bxc3 Rb2 30. Nc4 Rb1 31. Nxd6 Rd8 32. Nc4 Rxd5 33. Rxa5 Rxa5
34. Nxa5 Ne4 35. Nc4 Nxc3 36. g3 Ra1 37. Kg2 Ra2 38. Kf3 Nb1 39. Ke3 Nc3 40.
Kf3 Nb1 41. Ke3 Na3 42. Nd6 Ke7 43. Nf5+ Kf6 44. Nd6 g6 45. h4 Ke7 46. Ne4 Nc2+
47. Kf3 Ra3+ 48. Kg2 Ne1+ 49. Kg1 Nf3+ 50. Kg2 Ne5 51. Ng5 h6 52. Nh3 Ra2 53.
Nf4 Ng4 54. Be2 Ne5 55. Bf1 Kd6 56. Kg1 Kc5 57. h5 g5 58. Ne2 Rc2 59. Kg2 Ng4
60. f3 Ne3+ 61. Kf2 Nxf1 62. Kxf1 f5 63. Kf2 Kc4 64. Ke3 Ra2 65. Nc1 Ra1 66.
Ne2 Rd1 67. g4 fxg4 68. fxg4 Re1 69. Kf2 Rxe2+ 70. Kxe2 Kd4 71. Kf3 Kd3 72. Kf2
Ke4 73. Kg3 Ke3 74. Kg2 Kf4 75. Kh3 Kf3 0-1

[Event "Chess House IM 2017"]
[Site "Aarhus"]
[Date "2017.02.18"]
[Round "8.5"]
[White "Bjerre, Jonas Buhl"]
[Black "Thybo, Jesper Sondergaard"]
[Result "1/2-1/2"]
[WhiteElo "2355"]
[BlackElo "2390"]
[PlyCount "161"]
[EventDate "2017.02.??"]
[EventType "tourn"]
[EventRounds "9"]
[EventCountry "DEN"]
[WhiteClock "0:53:26"]
[BlackClock "0:30:45"]

1. c4 c6 2. Nf3 d5 3. e3 Nf6 4. b3 Bf5 5. Bb2 e6 6. Be2 h6 7. O-O Nbd7 8. d4
Be7 9. Ba3 Bxa3 10. Nxa3 O-O 11. Nb1 Ne4 12. Bd3 Bg4 13. Be2 Bxf3 14. Bxf3 f5
15. Nd2 Qg5 16. g3 Ndf6 17. Bg2 a5 18. Nf3 Qh5 19. Ne5 Qxd1 20. Rfxd1 a4 21. f3
Nd6 22. Bf1 Nf7 23. Nxf7 Kxf7 24. c5 Ke7 25. b4 a3 26. Rab1 b5 27. Rb3 Ra4 28.
Rdd3 Rfa8 29. f4 g5 30. Bg2 g4 31. Kf2 h5 32. Rd1 Rh8 33. Rdd3 Rha8 34. Rd1 Ne8
35. Kg1 Nc7 36. Kf2 Rh8 37. Rc1 Na6 38. Rcb1 Nb8 39. Rc1 Nd7 40. Rcc3 Rha8 41.
Rd3 Kf7 42. Rdc3 Nb8 43. Rc1 Nd7 44. Rcc3 Nf6 45. Rd3 Kg6 46. Rdc3 R8a7 47. Rd3
Nd7 48. Rdc3 Nb8 49. Rc1 Rh7 50. Rd1 Na6 51. Rdb1 Rh8 52. Kg1 h4 53. Kf2 Kh5
54. Kg1 Nb8 55. Rc1 Nd7 56. Rcc3 Rha8 57. Rd3 Nf6 58. Kf2 R4a7 59. Rdc3 Ra4 60.
Rd3 R8a7 61. Rdc3 h3 62. Bh1 Kg6 63. Rd3 Kf7 64. Rdc3 Ke7 65. Rd3 Ra8 66. Rdc3
Kd7 67. Rd3 Kc7 68. Rdc3 Kb7 69. Rd3 Ne8 70. Rdc3 R8a7 71. Rd3 Ra8 72. Rdc3 Nc7
73. Rc1 Ne8 74. Rcc3 Nf6 75. Rd3 Ng8 76. Rdc3 Nh6 77. Rd3 Nf7 78. Rdc3 Nd8 79.
Rd3 Kc7 80. Rdc3 Nb7 81. Ke2 1/2-1/2

[Event "Chess House IM 2017"]
[Site "Aarhus"]
[Date "2017.02.19"]
[Round "9.1"]
[White "Thybo, Jesper Sondergaard"]
[Black "Fries Nielsen, Jens Ove"]
[Result "1-0"]
[WhiteElo "2390"]
[BlackElo "2353"]
[PlyCount "171"]
[EventDate "2017.02.??"]
[EventType "tourn"]
[EventRounds "9"]
[EventCountry "DEN"]
[WhiteClock "0:01:53"]
[BlackClock "0:03:31"]

1. d4 Nf6 2. c4 d6 3. Nc3 Nc6 4. d5 Ne5 5. e4 e6 6. f4 Ned7 7. Nf3 e5 8. Bd3
Be7 9. f5 c6 10. O-O Nc5 11. Bc2 a5 12. Qe2 a4 13. Kh1 Qa5 14. Rb1 Bd7 15. Bd2
Qc7 16. dxc6 bxc6 17. b4 axb3 18. axb3 Na6 19. b4 c5 20. b5 Nb4 21. Bb3 O-O 22.
Ne1 Bc8 23. Nd3 Nxd3 24. Qxd3 Bb7 25. Bd1 Ra3 26. Bf3 Qa5 27. Qc2 Qa8 28. Bc1
Ra5 29. Rd1 h6 30. Be3 Ra3 31. Bc1 Ra5 32. Bb2 Qa7 33. Rd3 Qa8 34. Qe2 Re8 35.
Rbd1 Rd8 36. h3 Qb8 37. Kh2 Nd7 38. Bh5 Nf6 39. h4 Qa8 40. Bf3 Qb8 41. Qd2 Ra8
42. Kh3 Rd7 43. g4 Nh7 44. Ne2 Rd8 45. Rg1 Ra4 46. Rc3 Qa8 47. Qd3 Nf6 48. Ng3
Nd7 49. Bc1 Ra1 50. Nh5 g5 51. fxg6 fxg6 52. Ng3 Nf8 53. Qe3 Bf6 54. Qxh6 Bg7
55. Qg5 Bc8 56. Kh2 Ra2+ 57. Rg2 Rxg2+ 58. Bxg2 Be6 59. Ra3 Qb8 60. Ra4 Bf7 61.
Qd2 Nd7 62. h5 Nb6 63. Ra1 Rd7 64. Qg5 Kh7 65. hxg6+ Bxg6 66. Nf5 Qf8 67. Ra3
Qf6 68. Rh3+ Kg8 69. Nh6+ Kh7 70. Nf5+ Kg8 71. Qxf6 Bxf6 72. Bf1 Bf7 73. Rh6
Be7 74. Nxe7+ Rxe7 75. Rxd6 Nxc4 76. Rc6 Kg7 77. Rxc5 Nd6 78. Bd3 Bg6 79. Bb2
Nxe4 80. Rxe5 Rxe5 81. Bxe5+ Kf7 82. b6 Nc5 83. Bc4+ Ke7 84. Bd5 Kd7 85. b7
Nxb7 86. Bxb7 1-0

[Event "Chess House IM 2017"]
[Site "Aarhus"]
[Date "2017.02.19"]
[Round "9.2"]
[White "Boe Olsen, Filip"]
[Black "Pfreundt, Jakob"]
[Result "1/2-1/2"]
[WhiteElo "2123"]
[BlackElo "2376"]
[PlyCount "150"]
[EventDate "2017.02.??"]
[EventType "tourn"]
[EventRounds "9"]
[EventCountry "DEN"]
[WhiteClock "0:02:40"]
[BlackClock "0:08:04"]

1. d4 d5 2. c4 e6 3. Nc3 Nf6 4. cxd5 exd5 5. Bg5 c6 6. e3 Bf5 7. Qf3 Bg6 8.
Bxf6 Qxf6 9. Qxf6 gxf6 10. Nf3 Nd7 11. Nh4 Nb6 12. f4 h6 13. f5 Bh7 14. g4 Kd7
15. Kf2 h5 16. h3 Bh6 17. Bd3 Rae8 18. Ng2 Re7 19. Ne2 Rhe8 20. Nef4 h4 21.
Nxh4 Rxe3 22. Nhg2 Bxf4 23. Nxf4 Kd6 24. Rhe1 Rxe1 25. Rxe1 Rxe1 26. Kxe1 Nd7
27. Kd2 Bg8 28. Kc3 a5 29. b4 axb4+ 30. Kxb4 b6 31. a4 c5+ 32. Kc3 cxd4+ 33.
Kxd4 Ne5 34. Bf1 Nc6+ 35. Ke3 Ke5 36. Nd3+ Kd6 37. Bg2 Bh7 38. Nf4 Nb4 39. Kd4
Nc6+ 40. Kc3 Ne7 41. Kb4 d4 42. Kc4 Nxf5 43. gxf5 Bxf5 44. h4 Bc2 45. Kxd4 Bxa4
46. Nd5 Ke6 47. Nxb6 Bd1 48. Ke4 Bb3 49. Kf4 Ke7 50. Bd5 Bc2 51. Be4 Bb3 52. h5
Kf8 53. h6 Kg8 54. Nd7 Kh8 55. Nxf6 Bc4 56. Ke5 Bb3 57. Bf5 Bc4 58. Ng4 Bb3 59.
Kf6 Bc4 60. Ne5 Bb3 61. Bd3 Bd5 62. Bc4 Be4 63. Bxf7 Bh7 64. Be6 Bb1 65. Kg5
Bc2 66. Bf5 Bb3 67. Ng6+ Kh7 68. Ne7+ Kh8 69. h7 Kg7 70. Bg6 Be6 71. Kf4 Ba2
72. Nf5+ Kh8 73. Kg5 Bb1 74. Nh4 Bxg6 75. Nxg6+ Kxh7 1/2-1/2

[Event "Chess House IM 2017"]
[Site "Aarhus"]
[Date "2017.02.19"]
[Round "9.3"]
[White "Matthiesen, Martin"]
[Black "Vasova, Mariya"]
[Result "1/2-1/2"]
[WhiteElo "2329"]
[BlackElo "2211"]
[PlyCount "193"]
[EventDate "2017.02.??"]
[EventType "tourn"]
[EventRounds "9"]
[EventCountry "DEN"]

1. e4 e5 2. Nf3 Nc6 3. Bb5 a6 4. Ba4 Nf6 5. O-O Be7 6. d3 b5 7. Bb3 d6 8. a3
O-O 9. Nc3 Bg4 10. Be3 Nd4 11. Bxd4 exd4 12. Nd5 c5 13. h3 Be6 14. Nxf6+ Bxf6
15. Bxe6 fxe6 16. Nh2 e5 17. Qe2 Ra7 18. a4 b4 19. b3 Raf7 20. g3 Bg5 21. Kg2
g6 22. h4 Bh6 23. h5 Qg5 24. hxg6 Qxg6 25. Qg4 Kg7 26. Qxg6+ Kxg6 27. Rae1 Bg5
28. Re2 h5 29. Rh1 Rf6 30. Nf1 R6f7 31. Nd2 Bxd2 32. Rxd2 Rf3 33. Rh4 Kg5 34.
Rh2 R8f7 35. Rh3 Kg4 36. Rh4+ Kg5 37. Kg1 Rf8 38. Rh3 Kg4 39. Rh4+ Kg5 40. Rh2
R8f7 41. Rg2 Rf8 42. Kf1 R8f7 43. Ke2 Rf8 44. Rd1 a5 45. Rh1 R8f7 46. Rh4 R3f6
47. Rgh2 Rh6 48. g4 Rfh7 49. Rxh5+ Rxh5 50. gxh5 Rxh5 51. Rg2+ Kf6 52. Rg8 Rh1
53. Ra8 Rc1 54. Kd2 Rf1 55. Rxa5 Rxf2+ 56. Kd1 Ke6 57. Ra7 Rf1+ 58. Kd2 Ra1 59.
a5 d5 60. Ra6+ Kd7 61. exd5 Ra2 62. Kc1 Ra1+ 63. Kb2 Ra3 64. Kb1 Ke7 65. Ra8
Kd6 66. a6 Kxd5 67. a7 Kc6 68. Rc8+ Kb7 69. Rxc5 Rxa7 70. Rxe5 Kc6 71. Re8 Kc5
72. Rc8+ Kd5 73. Rc4 Rb7 74. Kc1 Rb8 75. Kd2 Rb7 76. Ke2 Rb8 77. Kf3 Rf8+ 78.
Kg3 Rb8 79. Kg4 Rg8+ 80. Kf5 Rf8+ 81. Kg6 Rf2 82. Kg5 Ke5 83. Rxb4 Rg2+ 84. Kh4
Rxc2 85. Kg4 Rc3 86. Rb5+ Kd6 87. Kf4 Kc6 88. Rb4 Rxd3 89. Ke4 Rd1 90. Rxd4
Rxd4+ 91. Kxd4 Kb5 92. Kc3 Kc5 93. b4+ Kb5 94. Kb3 Kb6 95. Kc4 Kc6 96. b5+ Kb6
97. Kb4 1/2-1/2